[Event "NOR-chT 2018"]
[Site "Bergen"]
[Date "2018.05.12"]
[Round "4"]
[White "Lindbol, Aleksander"]
[Black "Haug, Johannes"]
[Result "0-1"]
[WhiteElo "2136"]
[BlackElo "2387"]
[Annotator "NA"]
[PlyCount "58"]
[EventDate "2018.??.??"]
[EventCountry "NOR"]
[SourceTitle "playchess.com"]
[Source "ChessBase"]
[SourceQuality "1"]
[TimeControl "40/5400:1800"]

1. c4 {[%emt 0:00:02]} e5 {[%emt 0:01:01]} 2. g3 {[%emt 0:00:10]} c6 {[%emt 0:00:06]} 3. d4 {[%emt 0:00:07]} e4 {[%emt 0:00:03] A20: English Opening: 1...e5} 4. d5 {[%emt 0:00:06]} Bb4+ {[%emt 0:00:33]} 5. Bd2 {[%emt 0:00:06]} Qe7 {[%emt 0:00:05]} 6. Nc3 {[%emt 0:00:03]} Nf6 {[%emt 0:01:20]} 7. Bg2 {[%emt 0:00:17]} O-O {[%emt 0:00:40]} 8. Nh3 {[%emt 0:01:31]} cxd5 {[%emt 0:00:23]} 9. cxd5 {[%emt 0:02:51]} d6 {[%emt 0:00:47]} 10. O-O {[%emt 0:01:29]} Bf5 {[%emt 0:05:37]} 11. Kh1 $146 {[%emt 0:14:44]} ({Predecessor:} 11. a3 Bc5 12. Bg5 Nbd7 {0-1 (56) Von Bahr,O (2379)-Palac,M (2576) Split 2015}) 11... Nbd7 {[%emt 0:06:01]} 12. Rc1 {[%emt 0:01:47]} a6 {[%emt 0:07:55]} 13. Be3 {[%emt 0:06:49]} h6 {[%emt 0:12:54]} 14. Bd4 {[%emt 0:04:53]} Ne5 {[%emt 0:10:39]} ({Black should play} 14... Rac8 $17) 15. a3 {[%emt 0:07:11]} (15. f4 $11 {keeps the balance.} Neg4 16. Nf2) 15... Bc5 {[%emt 0:03:56]} (15... Bxc3 $1 $17 16. Bxc3 Rac8) 16. Na4 {[%emt 0:02:22]} (16. Bxc5 $15 dxc5 17. Nf4) 16... Bxd4 {[%emt 0:01:22]} 17. Qxd4 {[%emt 0:00:09]} b5 {[%emt 0:01:15]} 18. Nc3 {[%emt 0:03:56]} Rfc8 {[%emt 0:01:04]} 19. b3 {[%emt 0:04:35] [#]} (19. Nf4 $17) 19... Rc5 $1 {[%emt 0:01:49]} 20. Qd2 {[%emt 0:10:56]} Rac8 {[%emt 0:03:58]} 21. Rfd1 {[%emt 0:06:32]} Qc7 {[%emt 0:06:38]} 22. Na2 {[%emt 0:02:44]} Qb7 {[%emt 0:00:54]} 23. Nf4 {[%emt 0:04:54]} g5 {[%emt 0:06:51]} 24. Nh3 {[%emt 0:00:36]} Rxc1 {[%emt 0:02:20]} 25. Rxc1 {[%emt 0:00:10]} Rxc1+ 26. Qxc1 {[%emt 0:01:40]} Qxd5 $19 {[%emt 0:02:14]} 27. Nc3 {[%emt 0:05:32]} Qxb3 {[%emt 0:01:13]} 28. Nxg5 {[%emt 0:00:22]} hxg5 {[%emt 0:00:50]} 29. Qxg5+ {[%emt 0:00:10]} Bg6 {[%emt 0:00:30]} 0-1

[Event "NOR-chT 2018"]
[Site "Bergen"]
[Date "2018.05.12"]
[Round "4"]
[White "Vitenberg, Noam Aviv"]
[Black "Tryggestad, Andreas Garberg"]
[Result "1/2-1/2"]
[WhiteElo "2103"]
[BlackElo "2251"]
[Annotator "TA"]
[PlyCount "115"]
[EventDate "2018.??.??"]
[EventCountry "NOR"]
[SourceTitle "playchess.com"]
[Source "ChessBase"]
[SourceQuality "1"]

{[%evp 21,115,72,108,82,86,81,85,20,58,20,62,68,62,-12,-16,-14,-22,-28,-27,-13,-18,-40,-29,-34,-30,-26,0,0,0,0,1,0,0,0,24,0,0,0,0,7,7,0,8,0,0,0,208,206,193,199,491,198,196,201,212,209,202,197,403,0,167,133,217,216,213,203,550,500,415,246,250,241,304,300,387,358,350,321,337,297,323,167,408,404,513,487,476,494,527,472,461,0,0,0,427,0]} 1. d4 Nf6 2. c4 c5 3. d5 e6 4. Nc3 exd5 5. cxd5 d6 6. e4 g6 7. h3 a6 8. a4 Bg7 9. Nf3 O-O 10. Bd3 Qc7 11. O-O {A70: Modern Benoni: 6 e4 g6 7 Nf3} c4 {LiveBook: 5 Games} 12. Be2 Nbd7 {[%cal Bb8d7,Bd7c5,Bc5b3][%mdl 32]} 13. Nd2 {White is better.} Nc5 14. Qc2 (14. e5 $16 dxe5 15. Nxc4) 14... Re8 $146 ({Predecessor:} 14... Bd7 15. Bxc4 Rac8 16. Ra3 Rfe8 17. a5 Nfxe4 18. Ncxe4 Nxe4 19. Nxe4 {½-½ (63) Ali,A (2092)-Moskalenko,V (2469) Terrassa 1999}) 15. Re1 Nb3 16. Nxb3 cxb3 17. Qb1 ({White should play} 17. Qxb3 $14 Nxe4 18. Nxe4 Rxe4 19. Be3) 17... Nd7 $1 $11 18. Be3 Nc5 19. Rc1 b6 20. Ra3 Qe7 21. Bf3 f5 {[%cal Rf5e4]} 22. Bxc5 bxc5 23. Rxb3 fxe4 24. Nxe4 Bf5 {[%cal Rf5e4]} 25. Re1 $1 Rab8 26. Rxb8 Rxb8 27. Qd3 a5 28. Qa6 Be5 29. Ng3 Rxb2 30. Nxf5 gxf5 31. Qxa5 c4 32. Qa8+ Kg7 $1 33. Qc8 Bh2+ $2 (33... Qh4 $11 {and Black stays safe.} 34. Be2 c3) 34. Kf1 $1 $18 (34. Kxh2 $6 Qxe1 35. Qd7+ (35. Qxf5 $2 Qe5+ 36. Qxe5+ dxe5 $19) 35... Kg6) 34... Qa7 {[%csl Ga7][%cal Rb2f2]} 35. Be2 $1 Qd4 $2 (35... Be5 {was worth a try.} 36. Qxc4 Qb7) 36. Qxf5 (36. Qd7+ $142 Kg8 37. Qd8+ Kg7 38. Qg5+ Kh8 39. Qxf5) 36... Be5 37. Qd7+ Kg6 38. Qe6+ Kg7 39. Qe7+ Kg6 $2 (39... Kg8 {was called for.} 40. Qd8+ Kg7 41. Qc7+ Kh8) 40. Qe6+ (40. h4 $142 {Intending Bh5+! and mate.} Qf4 41. Bf3) 40... Kg7 41. Qf5 Rb7 (41... c3 $16 42. Qg5+ Kh8 43. Qd8+ Kg7 44. Qd7+ Kh6) 42. Rd1 $1 {[%cal Rd1d4]} Qc5 43. Qg4+ Kh6 $2 (43... Kf8 {is more resistant.} 44. Qxc4 (44. Bxc4 Rf7 $16) 44... Qxc4 45. Bxc4 Rb4) 44. h4 {[%csl Gh4][%cal Rg4g5]} Bf6 45. Qe6 (45. Qg8 $142 {White threatens Qf8+ and mate.} Qc7 46. Qf8+ Qg7 47. Qxd6) 45... Kg7 46. h5 h6 47. Qf5 {Threatens to win with Qg6+.} Rf7 48. Bf3 c3 49. Qg6+ Kf8 50. Rb1 Qc7 51. Be4 (51. Qxh6+ $142 Bg7 52. Qg6) 51... Bd4 $2 (51... Bg5) 52. Qxh6+ Kg8 53. Qg6+ Kf8 54. f3 Rg7 55. Qf5+ Rf7 {[#]} 56. Qg6 $2 ({White has to play} 56. Qg5 $1 $18) 56... Rg7 $11 57. Qf5+ $2 {[%mdl 8192]} (57. Qe6 $11 Qc4+ 58. Ke1 Bf2+ 59. Kxf2 (59. Kd1 {leads to mate.} Qf1+ 60. Kc2 Qe2+ 61. Kxc3 Rc7+ 62. Kb3 Qc4+ 63. Ka3 Bc5+ 64. Rb4 Bxb4+ 65. Kb2 Qc3+ 66. Kb1 Qb3+ 67. Ka1 Bc3#) 59... Qa2+ 60. Kf1 Qxg2+ 61. Ke1 Qd2+ 62. Kf1 Qg2+ 63. Ke1 Qd2+ 64. Kf1 Qg2+) 57... Rf7 $18 {[#]} 58. Qg6 $2 {Precision: White = 48%, Black = 42%.} ({White must play} 58. Qg5 $1 $18) 1/2-1/2

[Event "NOR-chT 2018"]
[Site "Bergen"]
[Date "2018.05.13"]
[Round "5"]
[White "Grandelius, Nils"]
[Black "Salomon, Johan"]
[Result "1-0"]
[WhiteElo "2651"]
[BlackElo "2482"]
[Annotator "TA"]
[PlyCount "107"]
[EventDate "2018.??.??"]
[EventCountry "NOR"]
[SourceTitle "playchess.com"]
[Source "ChessBase"]
[SourceQuality "1"]

{[%evp 22,107,7,0,8,0,23,-12,-3,-69,-2,-32,0,-8,-8,-23,-19,-25,-13,-45,-39,-63,-34,-37,-21,-43,-43,-50,0,0,0,0,13,4,25,0,89,88,70,76,67,68,77,77,77,86,139,138,142,140,143,142,160,135,122,169,167,154,160,159,148,162,122,129,135,133,173,169,197,176,199,205,269,249,337,225,421,364,404,372,391,414,544,476,565,529,442,500]} 1. e4 e5 2. Nf3 Nc6 3. Bb5 Nf6 4. d3 Bc5 5. c3 O-O 6. O-O d6 7. Nbd2 Ne7 {C65: Ruy Lopez: Berlin Defence (3...Nf6), unusual lines and 4 0-0 Bc5} 8. d4 exd4 9. cxd4 Bb6 10. Re1 Bg4 11. h3 Bh5 12. Qb3 {LiveBook: 15 Games} Ba5 $146 ({Predecessor:} 12... d5 13. e5 Nd7 14. Qd1 Re8 15. g4 {0-1 (36) Vachier Lagrave,M (2789)-Anand,V (2770) Leuven 2016}) 13. Bf1 Rb8 14. Re3 Bb6 15. Qc3 (15. Re1 $11) 15... Bg6 (15... c5 $15) 16. a4 {[#] And now a5 would win.} a6 17. a5 Ba7 18. Re1 d5 {[%cal Rd5e4]} 19. exd5 Nfxd5 20. Qb3 Nf5 21. Bc4 c6 22. Bxd5 cxd5 23. Qa4 Rc8 24. b3 Qf6 (24... Re8 $15 25. Ba3 Rxe1+ 26. Rxe1 Bb8) 25. Ba3 $36 {[%mdl 2048] White is more active.} Rfd8 {[%cal Ra7d4]} 26. Bc5 Bxc5 27. dxc5 h6 28. Rac1 d4 (28... Ne7 $11) 29. Ne4 $16 Qc6 30. Qxc6 Rxc6 31. g4 $1 {[%cal Rg4f5]} Ne7 32. Nd6 Rc7 33. Nxd4 Nd5 ({Black should play} 33... Nc8) 34. Re8+ Rxe8 35. Nxe8 Re7 36. Nd6 Nf4 37. Rc3 Re1+ 38. Kh2 Be4 39. Nxe4 Rxe4 $18 {[%mdl 4096] Endgame KRN-KRN} 40. c6 bxc6 41. Nxc6 Re2 42. Kg3 g5 43. b4 Re1 {[#] White must now prevent ...Ne2+.} 44. Kf3 Rh1 45. Rc4 Rxh3+ 46. Ke4 Rb3 47. f3 Ng2 48. Nd4 Re3+ $2 (48... Rb1 49. Rc8+ Kh7) 49. Kd5 Re8 {Strongly threatening ...Ne3+.} 50. Rc7 Rd8+ 51. Kc5 Ne3 {intending ...Rd5+.} 52. Nc6 {White is clearly winning.} Rd1 53. Rc8+ Kg7 54. Kb6 {Precision: White = 66%, Black = 33%.} 1-0

[Event "NOR-chT 2018"]
[Site "Bergen"]
[Date "2018.05.13"]
[Round "5"]
[White "Ostenstad, Berge"]
[Black "Gausel, Einar J"]
[Result "1-0"]
[WhiteElo "2442"]
[BlackElo "2453"]
[Annotator "TA"]
[PlyCount "71"]
[EventDate "2018.??.??"]
[EventCountry "NOR"]
[SourceTitle "playchess.com"]
[Source "ChessBase"]
[SourceQuality "1"]

{[%evp 18,71,8,0,12,-54,-52,-58,-54,-54,-54,-54,-55,-54,-24,-55,-30,-47,-75,-56,-40,-47,-44,-205,-86,-208,-173,-172,-178,-236,-238,-226,-236,-244,-148,-155,-181,-168,-116,-173,-49,-49,-49,-52,-52,-52,-54,-118,-132,-343,-156,-366,-245,-372,12837,12835]} 1. d4 Nf6 2. c4 e6 3. Nc3 Bb4 4. Qc2 O-O 5. Nf3 d6 6. a3 Bxc3+ 7. Qxc3 b6 {E32: Nimzo-Indian: Classical (4 Qc2): 4...0-0} 8. e3 (8. b3 Bb7 9. Bb2 Nbd7 10. e3 Ne4 11. Qc2 f5 12. Be2 Qe8 13. O-O Qg6 14. Ne1 e5 15. f3 Ng5 16. dxe5 dxe5 17. Rd1 Rad8 18. Rd2 Nf7 19. Kh1 h5 {0-1 (45) Najer,E (2706)-Zhigalko,S (2648) Kocaeli 2017}) 8... Nbd7 9. b4 Bb7 10. Bd3 {LiveBook: 5 Games} a5 11. Bb2 (11. O-O $11) 11... axb4 $15 12. axb4 Rxa1+ 13. Bxa1 Qa8 14. Be2 Qa2 $1 {[%cal Ra2b1] White must now prevent ...Qb1+.} 15. Bb2 Qb1+ 16. Bd1 Ra8 17. Nd2 $146 ({Predecessor:} 17. O-O Ra2 18. Bc1 Qa1 19. Qxa1 Rxa1 20. Bb2 Rb1 21. Ba3 Ra1 22. Bb2 Ra2 23. Bc1 Ra1 {½-½ (23) Gelpke,P (2355)-Langeweg,K (2390) Hilversum 1985}) 17... Qg6 $40 {[%mdl 128] Black is out for blood.} 18. Rg1 e5 19. dxe5 Nxe5 20. Bc2 $2 {[#]} (20. Be2 $1 $15) 20... Ne4 (20... Be4 $1 $19 {[%cal Re4c2]} 21. Bb3 c5) 21. Qd4 (21. f4 $17 Nxc3 22. Bxg6) 21... f5 $19 22. Nxe4 fxe4 23. Kf1 (23. Qd1 $142) 23... c5 24. Qc3 Qf7 25. Ke1 Nxc4 26. Bb3 Bd5 27. Bxc4 Bxc4 28. f4 {[#]} (28. bxc5 $17 bxc5 29. f4) 28... Ra4 ({Black should play} 28... d5 $1 $19 {[%cal Rd5d4] ...d4! is the strong threat.} 29. bxc5 bxc5) 29. bxc5 $15 bxc5 {Hoping for ...Bd3.} 30. Kf2 $1 Rb4 31. Ra1 {White wants to mate with Ra8+.} h6 32. Ra8+ (32. Kg1 $15) 32... Kh7 $17 33. Ba1 $2 (33. Kg1 $17 {was called for.}) 33... Rb3 (33... Rb1 $19 {and Black stays clearly on top.} 34. g4 Qe7) 34. Qc2 $2 (34. Qc1 $17) 34... d5 {Strongly threatening ...Rd3.} 35. Be5 (35. h3 {only move.}) 35... d4 $4 {[%mdl 8192]} (35... Qh5 $19 36. Bc3 Rb6) 36. Qxe4+ {Precision: White = 38%, Black = 42%.} 1-0

[Event "NOR-chT 2018"]
[Site "Bergen"]
[Date "2018.05.13"]
[Round "5"]
[White "Haldorsen, Benjamin"]
[Black "Lindbol, Aleksander"]
[Result "1-0"]
[WhiteElo "2419"]
[BlackElo "2136"]
[Annotator "TA"]
[PlyCount "96"]
[EventDate "2018.??.??"]
[EventCountry "NOR"]
[SourceTitle "playchess.com"]
[Source "ChessBase"]
[SourceQuality "1"]

{[%evp 36,96,26,20,19,16,18,22,26,15,15,15,29,15,26,25,26,24,33,0,42,26,36,17,26,26,26,26,41,25,39,-11,0,0,0,0,0,-145,-145,-167,-134,-117,209,206,257,101,117,122,200,170,258,266,260,268,261,204,364,365,349,327,302,302,1903]} 1. e4 c6 2. d4 d5 3. Nd2 dxe4 4. Nxe4 Bf5 5. Ng3 Bg6 6. h4 h6 7. Nf3 Nd7 8. h5 Bh7 9. Bd3 Bxd3 10. Qxd3 e6 11. Bd2 Ngf6 12. O-O-O Be7 13. Kb1 O-O 14. Ne4 Nxe4 {B19: Classical Caro-Kann: 4...Bf5 main line} (14... c5 15. g4 Nxg4 16. Qe2 Qb6 17. Ne5 Ndxe5 18. dxe5 f5 19. exf6 Nxf6 20. Nc3 Rad8 21. Rhg1 Kh8 22. Rg6 {½-½ (38) Saric,I (2662)-Nisipeanu,L (2672) Heraklio 2017}) 15. Qxe4 Nf6 16. Qe2 Qd5 17. Ne5 Qe4 18. Qxe4 Nxe4 19. Be1 {LiveBook: 53 Games} Bd6 20. f3 Nf6 21. Bf2 Rfd8 22. Nd3 Nd5 $146 23. g4 Nf4 24. Ne5 f6 25. Nc4 Bc7 26. c3 Kf7 27. Kc2 Rd7 28. a4 a5 29. Ra1 Nd5 30. Rhe1 Re8 31. Re4 Rde7 32. Bh4 Rb8 33. f4 b5 34. axb5 cxb5 35. Nxa5 {Black must now prevent Nc6.} Ra8 36. b4 (36. Nb3 $11 {was the only way to keep the balance.} Rxa1 37. Nxa1) 36... Bxf4 $17 37. Rf1 Ne3+ 38. Kd3 Bg5 $2 {[%mdl 8192]} (38... Nxf1 $17 {and life is bright.} 39. Rxf4 Nh2) 39. Rxe3 $18 Bxh4 40. Nc6 $2 (40. Re5 $1 $18 {and the rest is easy.}) 40... Bg5 41. Re5 $36 {[%mdl 2048] White has strong initiative.} Rc7 (41... Rb7 $16) 42. Rc5 {Strongly threatening Ne5+.} Ke8 (42... Rcc8 $142 43. Ne5+ Kg8) 43. Re1 Kd7 {[#]} 44. Na5 $1 Rxc5 45. dxc5 f5 $2 (45... Rd8 46. Nb3 e5) 46. gxf5 exf5 {[#]} 47. c4 $1 bxc4+ 48. Nxc4 {Nb6+ is the strong threat.} Bf6 $2 {Precision: White = 53%, Black = 31%.} (48... Kc7 49. b5 f4) 1-0

[Event "NOR-chT 2018"]
[Site "Bergen"]
[Date "2018.05.13"]
[Round "5"]
[White "Haug, Johannes"]
[Black "Christiansen, Johan-Sebastian"]
[Result "1/2-1/2"]
[WhiteElo "2387"]
[BlackElo "2499"]
[Annotator "TA"]
[PlyCount "80"]
[EventDate "2018.??.??"]
[EventCountry "NOR"]
[SourceTitle "playchess.com"]
[Source "ChessBase"]
[SourceQuality "1"]

{[%evp 20,80,11,12,19,18,31,0,0,0,0,-56,-46,-56,0,-70,-68,-46,-8,-5,0,0,0,0,0,0,0,-6,-11,0,0,0,0,0,0,0,0,0,0,0,0,0,0,0,0,0,0,0,0,0,0,0,0,0,0,0,0,0,0,0,0,0,0]} 1. d4 Nf6 2. c4 e6 3. Nf3 d5 4. Nc3 Bb4 5. Qb3 c5 6. dxc5 Na6 {[%cal Bb8a6,Ba6c5,Bc5e4][%mdl 32] D38: Queen's Gambit Declined: Ragozin Defence (4 Nf3 Bb4)} (6... Qa5 7. Bd2 dxc4 8. Qxc4 Qxc5 9. Qxc5 Bxc5 10. Rc1 O-O 11. e3 Nc6 12. Be2 Bd7 13. O-O Rfd8 14. Rfd1 {½-½ (41) Wang,H (2709)-Mamedyarov,S (2799) Huaian 2017}) 7. a3 Bxc3+ 8. Qxc3 Nxc5 9. cxd5 Qxd5 10. Be3 Nce4 11. Qe5 {LiveBook: 18 Games} O-O 12. Rd1 Qb3 $146 ({Predecessor:} 12... Qc6 13. Nd4 Qd5 14. Qxd5 Nxd5 {½-½ (40) Siikaluoma,A (2533)-Florea,M (2458) ICCF email 2009}) 13. Nd2 (13. g4 $5 {[%cal Rg4g5]} Bd7 14. Bh3 $14) 13... Nxd2 $1 14. Bxd2 Rd8 15. Qc3 (15. e4 $11) 15... Qxc3 $1 $15 16. Bxc3 Rxd1+ 17. Kxd1 Ne4 $1 {[%cal Re4f2]} 18. Bd4 Bd7 (18... e5 $5 19. Be3 Bd7 $15) 19. f3 {The position is equal.} Ba4+ 20. Ke1 Rd8 21. e3 e5 22. fxe4 exd4 $11 {[%mdl 4096] Endgame KRB-KRB} 23. Bd3 $1 dxe3 24. Ke2 {[#]} Bc2 $1 {[%mdl 512]} 25. Bxc2 Rd2+ 26. Kxe3 Rxc2 {KR-KR} 27. Rd1 {[%cal Rd1d8]} Kf8 (27... h5 {feels hotter.} 28. Rd2 Rxd2 29. Kxd2 f6 30. Ke3 Kf7) 28. Rd2 Rxd2 29. Kxd2 {KP-KP} Ke7 30. Ke3 Kd6 31. Kd4 f6 32. b4 b5 33. g3 h5 34. h3 g5 35. Kd3 Ke5 36. Ke3 a6 37. Kd3 Ke6 38. Ke3 Ke5 39. Kd3 Ke6 40. Ke3 Ke5 {Precision: White = 87%, Black = 69%.} 1/2-1/2

[Event "NOR-chT 2018"]
[Site "Bergen"]
[Date "2018.05.13"]
[Round "5"]
[White "Kaasen, Tor Fredrik"]
[Black "Nordquelle, Daniel"]
[Result "1-0"]
[WhiteElo "2369"]
[BlackElo "2287"]
[Annotator "TA"]
[PlyCount "55"]
[EventDate "2018.??.??"]
[EventCountry "NOR"]
[SourceTitle "playchess.com"]
[Source "ChessBase"]
[SourceQuality "1"]

{[%evp 15,55,0,34,0,3,-35,-37,-26,31,30,38,31,62,64,43,39,78,56,47,58,110,98,101,98,159,158,184,187,194,176,214,216,355,356,332,343,472,389,789,773,1508,1478]} 1. d4 d5 2. c4 e6 3. Nf3 Bb4+ 4. Nbd2 Nf6 5. a3 Be7 6. g3 O-O 7. Bg2 Nbd7 {E11: Bogo-Indian} (7... b6 8. cxd5 exd5 9. O-O c5 10. dxc5 bxc5 11. e4 Bb7 12. exd5 Bxd5 13. Ne5 Bxg2 14. Kxg2 Qd5+ 15. Qf3 Rc8 {½-½ (51) Lysyj,I (2670)-Grachev,B (2661) Vladivostok 2014}) 8. O-O c6 {LiveBook: 6 Games} 9. b4 a5 {The position is equal.} 10. b5 $146 ({Predecessor:} 10. Rb1 axb4 11. axb4 Qc7 12. Qb3 e5 13. cxd5 cxd5 14. dxe5 Nxe5 15. Nxe5 Qxe5 {1-0 (63) Teske,H (2545)-Lentrodt,T (2304) Germany 2009}) 10... cxb5 11. cxb5 Nb6 (11... a4 $11) 12. a4 $1 $14 Ne8 13. e4 dxe4 14. Nxe4 Nd5 15. Bb2 Nef6 16. Ne5 Nxe4 17. Bxe4 f6 (17... Rb8 $14) 18. Qh5 $16 {[%csl Ge4][%cal Rh5h7] [#]} f5 {Hoping for ...Nf6.} 19. Bg2 Bf6 (19... Bd7 $142) 20. Ba3 {Black must now prevent Bxd5.} g6 21. Qe2 Re8 22. Rac1 b6 23. Nc4 Be7 (23... Qd7 $142 24. Rfe1 Bb7) 24. Bxe7 $18 Rxe7 {[#]} 25. Qe5 $1 Raa7 26. Nd6 Bb7 $2 (26... Bd7 27. Rfe1 Nb4) 27. Rfe1 Qd7 28. Bxd5 {Precision: White = 81%, Black = 16%.} 1-0

[Event "NOR-chT 2018"]
[Site "Bergen"]
[Date "2018.05.13"]
[Round "5"]
[White "Gullaksen, Eirik"]
[Black "Dahl, Max"]
[Result "1-0"]
[WhiteElo "2363"]
[BlackElo "1926"]
[Annotator "TA"]
[PlyCount "119"]
[EventDate "2018.??.??"]
[EventCountry "NOR"]
[SourceTitle "playchess.com"]
[Source "ChessBase"]
[SourceQuality "1"]

{[%evp 20,119,36,36,36,41,41,38,136,89,90,56,56,38,38,37,57,33,31,39,42,-3,21,0,2,1,6,6,6,6,6,6,0,10,6,-33,11,12,12,0,43,45,36,14,13,19,10,6,15,0,0,0,14,0,35,27,45,45,58,58,70,51,58,45,50,56,49,70,178,187,212,204,471,508,553,528,879,847,858,833,1030,1025,1817,1135,1986,1949,1543,1386,1374,1061,6366,6033,29991,29992,29992,12842,12841,12842,29992,29993,29996,29997]} 1. e4 c6 2. d4 d5 3. Nc3 dxe4 4. Nxe4 Bf5 5. Ng3 Bg6 6. Bc4 e6 7. N1e2 Bd6 8. Nf4 Qc7 {B18: Classical Caro-Kann: 4...Bf5 sidelines} (8... Nf6 9. c3 Qc7 10. Qf3 Nbd7 11. h4 c5 12. dxc5 Qxc5 13. Qe2 Rc8 14. Bb3 Qc7 15. h5 Bxf4 16. Bxf4 Qxf4 17. hxg6 {½-½ (77) Harikrishna,P (2753)-Navara,D (2734) Huaian 2016}) 9. Nfh5 Bxh5 10. Nxh5 g6 11. Ng3 {LiveBook: 13 Games} Nd7 12. Ne4 Be7 13. Qf3 Nb6 $146 (13... Ngf6 $14) ({Predecessor:} 13... Ngf6 14. Bf4 Qa5+ 15. c3 Nxe4 16. Qxe4 {½-½ (35) Kamp,A-Dehen,L Germany 1987}) 14. Bb3 Qd8 15. c3 {[%cal Bc2c3,Bc3c4][%mdl 32]} (15. O-O {seems wilder.} Nf6 16. Nc5 Qxd4 17. Nxb7 Rc8 18. c3) 15... Nf6 16. Bh6 {Threatens to win with Bg7.} (16. Ng3 {is more complex.} a5 17. a4 O-O 18. O-O Nbd7 19. Re1) 16... Nxe4 17. Qxe4 Nd5 18. O-O Bf8 19. Bd2 Bg7 20. c4 Nf6 21. Qh4 (21. Qd3 {with more complications.} O-O 22. Rad1 a5 23. Bc2 Qd6 24. Bc1) 21... Nh5 22. Qxd8+ $1 Rxd8 23. d5 $1 O-O {[%cal Re6d5]} 24. Bb4 Rfe8 {[%cal Re6d5]} 25. dxc6 bxc6 26. Ba4 Rc8 27. Bc5 Red8 28. Rad1 Bxb2 29. Bxa7 Nf6 30. Rxd8+ Rxd8 31. Bxc6 {Black should prevent a4.} Rc8 32. Bb5 {And now a4 would win.} Ra8 33. Rb1 Bc3 34. Bc5 Rxa2 35. f3 e5 36. Rd1 {[#] aiming for Rd8+.} Ra8 37. Rc1 Bd2 38. Rc2 Bh6 39. Re2 Bg7 40. Bd6 e4 41. fxe4 Ng4 {( -> ...Ra1+)} 42. g3 {Hoping for e5.} Ra1+ 43. Kg2 {e5 is the strong threat.} Bd4 {[#]} ({Better is} 43... Be5 $14 44. c5 Rb1) 44. e5 $1 $18 {[%cal Be4e5,Be5e6,Be6e7][%mdl 32]} Rc1 45. Kf3 Nh6 $2 (45... h5 {was necessary.} 46. h3 Nh6) 46. Ra2 f5 47. e6 Rf1+ 48. Kg2 Rg1+ 49. Kh3 {Black must now prevent Be5.} g5 50. e7 g4+ 51. Kh4 Bf6+ 52. Kh5 Bxe7 53. Bxe7 Nf7 54. Bd7 Rf1 55. c5 Ne5 56. Be6+ Kg7 57. Ra8 (57. Bg5 $142 Nc6 58. Bd5 h6 59. Bxh6+ Kf6 60. Bxc6 Rd1 61. Ra6 Rg1 62. Ba4+ Ke7 63. Bg5+ Kf7 64. Bb3+ Ke8 65. Be6 Kf8 66. Bf6 Ra1 67. Rxa1 Ke8 68. Ra8#) 57... Nf7 58. Ra7 {White threatens Bg5 and mate.} Rf2 59. Bh4 Rxh2 60. Rxf7+ {Precision: White = 63%, Black = 34%.} 1-0

[Event "NOR-chT 2018"]
[Site "Bergen"]
[Date "2018.05.13"]
[Round "5"]
[White "Elseth, Roar"]
[Black "Tisdall, Jonathan D"]
[Result "0-1"]
[WhiteElo "2331"]
[BlackElo "2402"]
[Annotator "TA"]
[PlyCount "86"]
[EventDate "2018.??.??"]
[EventCountry "NOR"]
[SourceTitle "playchess.com"]
[Source "ChessBase"]
[SourceQuality "1"]

{[%evp 16,86,39,38,43,29,39,20,28,29,30,29,36,34,41,33,46,46,76,62,105,97,132,99,83,0,0,0,0,0,0,0,4,5,25,-32,-37,-48,0,0,0,2,6,0,9,-12,0,-29,-31,-17,-31,-70,-83,-76,-56,-56,-54,-75,-75,-63,-8,-101,-8,-181,-175,-193,-107,-732,-729,-722,-717,-716,-699]} 1. e4 c5 2. Nf3 e6 3. d4 cxd4 4. Nxd4 a6 5. Bd3 Nf6 6. O-O d6 7. Re1 {B42: Sicilian: Kan Variation: 5 Bd3} (7. c4 Be7 8. Nc3 O-O 9. Be3 Nbd7 10. f4 Nc5 11. Bc2 e5 12. Nf5 Bxf5 13. exf5 exf4 14. Rxf4 Re8 15. Kh1 Rc8 16. Bd4 Ncd7 17. b3 d5 18. Nxd5 Nxd5 19. cxd5 {0-1 (37) Quesada Perez,Y (2627)-Grandelius,N (2647) chess.com INT 2018}) 7... b6 8. c4 Bb7 9. Nc3 {LiveBook: 7 Games. White is slightly better.} Be7 10. Qf3 $146 ({Predecessor:} 10. b3 O-O 11. Bb2 Nc6 12. Bf1 Rc8 13. Rc1 Nd7 14. Rc2 Nc5 15. Nxc6 Bxc6 {½-½ (58) Geller,E-Popov,L Skopje 1967}) 10... Nbd7 11. Qh3 Ne5 12. Bf1 Rc8 13. b3 O-O 14. Bb2 Ng6 15. Rad1 Rc5 16. Qe3 Ng4 17. Qe2 h5 18. g3 Nf6 19. Bg2 h4 20. Na4 ({White should play} 20. f4 $16) 20... Re5 $11 21. f4 Rxe4 $1 22. Bxe4 Nxe4 23. Qc2 Qa8 24. Nxb6 Qa7 $1 {[%cal Ra7b6]} 25. Nxe6 (25. Nd7 $11 Rd8 26. Rxe4 Bxe4 27. Qxe4) 25... Qxb6+ $15 26. Bd4 Qc6 (26... Nc5 {seems wilder.} 27. Bxc5 Qc6 28. Rd5 dxc5 29. Nxf8 Bxf8 30. Qf2 hxg3 31. hxg3 Ne7) 27. Qxe4 $1 Qxe4 28. Rxe4 Bxe4 29. Nxf8 Nxf8 30. b4 Ne6 31. Be3 hxg3 32. hxg3 Kf8 33. a4 Bc2 34. Ra1 Bf6 35. Ra3 $1 Ke7 36. a5 Kd7 37. b5 Nc5 (37... Nc7 $15 38. bxa6 (38. b6 Ne6 $17) 38... Nxa6) 38. g4 (38. Kh2 $11 {keeps the balance.}) 38... Kc7 ({Black should try} 38... Bb2 $17 39. Ra2 Na4 40. bxa6 Kc6) 39. g5 $2 {[#]} (39. Kh2 $11 {and White is okay.}) 39... Bb2 $19 40. Bxc5 dxc5 {[%cal Bd6c5,Bc5c4][%mdl 32]} 41. Rh3 $2 {[%mdl 8192]} (41. b6+ $17 Kb7 42. Rh3) 41... axb5 {Black is clearly winning.} 42. cxb5 c4 43. Kf1 Bd3+ {Precision: White = 32%, Black = 69%.} 0-1